| 000 | 00357 a2200157 4500 | ||
|---|---|---|---|
| 001 | 59095 | ||
| 020 | _a8508070225 | ||
| 040 | _cAnchieta - Pituba | ||
| 100 | _aLopez, Adriana | ||
| 240 | 1 | 0 |
_aA América dos libertadores _lpor |
| 245 | 1 | 0 | _aA América dos libertadores |
| 300 | _a62 | ||
| 362 | 0 | _a1998 | |
| 650 | 4 | _aHistória das Américas | |
| 942 | _cBK | ||
| 999 |
_c59095 _d59095 |
||